[Event "SR1418"]
[Site "SchemingMind.com"]
[Date "2005.07.21"]
[Round "-"]
[White "flamingarrow"]
[Black "dadshane2000"]
[Result "0-1"]
[WhiteCountry "GBR"]
[BlackCountry "USA"]
[WhiteElo "1694"]
[WhiteRD "83"]
[BlackElo "1873"]
[BlackRD "74"]
[GameID "20208"]

1. e4 c5 2. Nf3 d6 3. d4 cxd4 4. Nxd4 Nf6 5. h3 Nxe4 6. Bd3 Nf6 7. O-O e5 8. Re1 Be7 9. Nf5 Bxf5 10. Bxf5 O-O
11. b3 Nc6 12. Bb2 Re8 13. Nd2 Bf8 14. Nf3 g6 15. Be4 d5 16. Bxd5 Qxd5 17. Qxd5 Nxd5 18. Bxe5 Nxe5 19. Nxe5 Bg7 20. f4 Nxf4
0-1

[Event "SR1418"]
[Site "SchemingMind.com"]
[Date "2005.07.21"]
[Round "-"]
[White "rodrigos"]
[Black "cnbcad"]
[Result "1-0"]
[WhiteCountry "ENG"]
[BlackCountry "USA"]
[WhiteElo "1560"]
[WhiteRD "92"]
[BlackElo "1425"]
[BlackRD "52"]
[GameID "20234"]

1. d4 d5 2. c4 dxc4 3. Qa4+ Nc6 4. Qxc4 Nxd4 5. e3 Nc6 6. Nc3 Nf6 7. Qa4 e6 8. a3 Bd7 9. Bb5 a6 10. Bxc6 Bxc6
11. Qc2 Be7 12. Nf3 O-O 13. O-O Bxf3 14. gxf3 Bd6 15. f4 Ng4 16. f3 Nh6 17. Kh1 Qh4 18. Rg1 Nf5 19. Qe2 e5 20. Qc2 Ne7
21. Qd1 exf4 22. e4 Bc5 23. Rg4 Qh3 24. Bxf4 Ng6 25. Bxc7 Bf2 26. Nd5 Nh4 27. Nf4 Qxf3+ 28. Qxf3 Nxf3 29. Rf1 h5 30. Rg2 Nd2
31. Rfxf2 Nxe4 32. Rf1 Rac8 33. Nd5 b5 34. Ne7+ Kh7 35. Nxc8 Rxc8 36. Rxf7
1-0

[Event "SR1418"]
[Site "SchemingMind.com"]
[Date "2005.07.21"]
[Round "-"]
[White "rodrigos"]
[Black "mlazar"]
[Result "0-1"]
[WhiteCountry "ENG"]
[BlackCountry "USA"]
[WhiteElo "1560"]
[WhiteRD "92"]
[BlackElo "1682"]
[BlackRD "78"]
[GameID "20235"]

1. e4 e5 2. c3 Nf6 3. Qc2 Nc6 4. d4 exd4 5. Bb5 a6 6. Bxc6 dxc6 7. h3 d3 8. Qa4 b5 9. Qd4 Qxd4 10. cxd4 Nxe4
11. Nd2 Bb4 12. Nf3 O-O 13. O-O f5 14. a3 Bd6 15. Re1 Nxd2 16. Bxd2 h6 17. Re3 Bf4 18. Rxd3 Bxd2 19. Rxd2 Bb7 20. Re1 Rad8
21. Ne5 c5 22. Ng6 Rfe8 23. Rxe8+ Rxe8 24. dxc5 Kh7 25. Nh4 Bc8 26. Kf1 Be6 27. g3 g5 28. Ng2 f4 29. g4 a5 30. Ne1 Bc4+
31. Nd3 a4 32. Rd1 Re5 33. f3 Re3 34. Kf2 Rxd3 35. Rxd3 Bxd3 36. Ke1 Kg6 37. Kd2 Bc4 38. Kc3 Bf1 39. Kd4 Bg2 40. Ke4 Bxh3
41. Kd5 Bg2 42. Kc6 Bxf3+ 43. Kxc7 Bxg4 44. Kb6 f3 45. Kxb5 f2 46. Kxa4 f1=Q 47. b4 Bd7+
0-1

[Event "SR1418"]
[Site "SchemingMind.com"]
[Date "2005.07.21"]
[Round "-"]
[White "rodrigos"]
[Black "dadshane2000"]
[Result "0-1"]
[WhiteCountry "ENG"]
[BlackCountry "USA"]
[WhiteElo "1560"]
[WhiteRD "92"]
[BlackElo "1873"]
[BlackRD "74"]
[GameID "20236"]

1. d4 Nf6 2. c4 c5 3. d5 d6 4. Nc3 g6 5. e4 Bg7 6. h3 e6 7. Nf3 O-O 8. Bd3 Na6 9. a3 Nc7 10. O-O exd5
11. cxd5 Nd7 12. Be3 a6 13. Qd2 b5 14. Bh6 c4 15. Bc2 Nc5 16. Rfe1 f5 17. exf5 Bxf5 18. Bxf5 Rxf5 19. g4 Rxf3 20. Kg2 Qh4
21. Bf4 Qxh3+ 22. Kg1 Qxg4+ 23. Bg3 Rxg3+ 24. fxg3 Qxg3+ 25. Qg2 Bd4+ 26. Kh1 Qh4+ 27. Qh2 Qxh2+ 28. Kxh2 Be5+ 29. Kh1 Rf8 30. Rad1 Nd3
31. Rf1 Nf2+ 32. Kg1 Nxd1 33. Rxf8+ Kxf8 34. Nxd1 Nxd5 35. Kf2 c3 36. bxc3 Nxc3
0-1

[Event "SR1418"]
[Site "SchemingMind.com"]
[Date "2005.07.21"]
[Round "-"]
[White "rodrigos"]
[Black "annis"]
[Result "1-0"]
[WhiteCountry "ENG"]
[BlackCountry "USA"]
[WhiteElo "1705"]
[WhiteRD "72"]
[BlackElo "1705"]
[BlackRD "77"]
[GameID "20237"]

1. d4 Nf6 2. e3 g6 3. c4 Bg7 4. Nc3 d6 5. h3 O-O 6. Nf3 b6 7. Bd3 Bb7 8. O-O Nbd7 9. Re1 e5 10. d5 Qe7
11. e4 Nh5 12. a3 Nf4 13. Bb1 a6 14. Be3 Rae8 15. Qd2 Bc8 16. Bc2 f5 17. Bxf4 exf4 18. Qxf4 Ne5 19. exf5 gxf5 20. Nd4 Qf7
21. b3 Qg6 22. Nce2 Bh6 23. Qh4 Bd7 24. Ng3 Bg7 25. Bxf5 Bxf5 26. Ndxf5 Rxf5 27. Nxf5 Qxf5 28. Re3 Rf8 29. Rae1 Qc2 30. Qg3 Qb2
31. a4 Qc2 32. R1e2 Qf5 33. Re4 Qd7 34. Qg5 Nf7 35. Qh4 Ne5 36. Qg5 Nf7= 37. Qh4 Ne5 38. R2e3 Ng6 39. Qg5 Ne5 40. Rg3 b5
41. h4 Rf5 42. Qe3 bxc4 43. f4 Ng6 44. Re8+ Rf8 45. Re6 Nxf4 46. Re7 Qf5 47. Rgxg7+ Kh8 48. Rxh7+ Qxh7 49. Rxh7+ Kxh7 50. Qe4+ Kg7
51. bxc4 Ng6 52. Qg4 Rf4 53. Qd7+ Rf7 54. Qd8 Ne5 55. Qg5+ Kf8 56. Qc1 Ke7 57. c5 Rf8 58. h5 a5 59. h6 Nf7 60. h7 Ke8
61. Qe1+ Ne5 62. Qxa5 dxc5 63. Qxc5 Nf7 64. Qxc7 Rh8 65. d6 Nxd6 66. Qxd6 Rxh7 67. Qb8+ Kf7 68. Qc7+ Kg8 69. Qxh7+
1-0

[Event "SR1418"]
[Site "SchemingMind.com"]
[Date "2005.07.21"]
[Round "-"]
[White "rodrigos"]
[Black "Zarra"]
[Result "1-0"]
[WhiteCountry "ENG"]
[BlackCountry "FIN"]
[WhiteElo "1560"]
[WhiteRD "92"]
[BlackElo "1534"]
[BlackRD "124"]
[GameID "20238"]

1. d4 Nf6 2. c4 g6 3. e3 Bg7 4. Nc3 d6 5. h3 O-O 6. Nf3 Re8 7. Bd3 e5 8. dxe5 dxe5 9. e4 Nc6 10. a3 Be6
11. O-O Qd7 12. Re1 Rad8 13. Nd5 Ne7 14. Nxe5 Qd6 15. Nf3 c6 16. e5 Qd7 17. Nxe7+ Qxe7 18. exf6 Bxf6 19. Qd2 Qd7 20. Rd1 Bxh3
21. gxh3 Qxh3 22. Qf4
1-0

[Event "SR1418"]
[Site "SchemingMind.com"]
[Date "2005.07.21"]
[Round "-"]
[White "rodrigos"]
[Black "flamingarrow"]
[Result "0-1"]
[WhiteCountry "ENG"]
[BlackCountry "GBR"]
[WhiteElo "1560"]
[WhiteRD "92"]
[BlackElo "1694"]
[BlackRD "83"]
[GameID "20239"]

1. d4 Nf6 2. c4 e6 3. a3 b6 4. Nc3 d5 5. cxd5 exd5 6. h3 Bb7 7. Nf3 a6 8. e3 Bd6 9. Bd3 O-O 10. O-O Re8
11. Re1 Nbd7 12. e4 dxe4 13. Bxe4 Nxe4 14. Bg5 Nxg5 15. Rxe8+ Qxe8 16. Nxg5 h6 17. Nf3 Nf6 18. Qd2 Bxf3 19. gxf3 Qd7 20. Qd1 Qxh3
21. Qf1 Qxf3 22. Ne2 Ng4 23. Ng3 Bxg3 24. fxg3 Qxg3+ 25. Qg2 Qxg2+ 26. Kxg2 Rd8 27. Re1 Kf8 28. Re4 Nf6 29. Rf4 Re8 30. Kf3 Nd5
31. Rh4 Re3+ 32. Kf2 Rb3 33. Kg1 Rxb2
0-1

[Event "SR1418"]
[Site "SchemingMind.com"]
[Date "2005.07.21"]
[Round "-"]
[White "cnbcad"]
[Black "rodrigos"]
[Result "1-0"]
[WhiteCountry "USA"]
[BlackCountry "ENG"]
[WhiteElo "1530"]
[WhiteRD "50"]
[BlackElo "1608"]
[BlackRD "84"]
[GameID "20240"]

1. e4 e5 2. Nf3 d6 3. Bc4 a6 4. d3 c6 5. Ng5 d5 6. Qf3 f6 7. exd5 fxg5 8. dxc6 Nf6 9. cxb7 Bxb7 10. Qxb7 Nbd7
11. Bxg5 a5 12. Be6 Be7 13. O-O h6 14. Bxf6 Bxf6 15. Bxd7+ Kf8 16. Be6 Qe8 17. Bf7 Qd8 18. Bg6 Be7 19. Re1 Rb8 20. Qf3+ Bf6
21. Rxe5 Qb6 22. b3 Qd4 23. c3 Qxe5 24. Nd2 Qxc3 25. Rd1 Qe5 26. Ne4 Ke7 27. Nxf6 gxf6 28. h3 Rhg8 29. d4 Qd6 30. Re1+ Kd7
31. Qf5+ Kc7 32. Qxa5+ Rb6 33. Rc1+ Kb8 34. Be4 Ra6 35. Qb5+ Qb6 36. Qc4 Rd8 37. a4 Ra7 38. Qd3 Rc7 39. Rb1 Rdc8 40. Qg3 Qxd4
41. Bf5 Rd8 42. Rc1 Qb6 43. Be4 Re8 44. Rc6 Qa7 45. Rd6 Rxe4 46. Rd8+ Kb7 47. Qf3 Rc1+ 48. Kh2 Re1 49. Rd7+ Kb8 50. Qg3+ Ka8
51. Rxa7+ Kxa7 52. Qg7+ Ka6 53. Qxf6+ Re6 54. Qf5 R1e5 55. Qd3+ Kb7 56. f4 Re2 57. f5 R6e3 58. Qd5+ Kc7 59. f6 Re5 60. Qf7+ Kc6
61. Qc4+ Kd6 62. f7 R2e4 63. f8=Q+ Re7 64. Qb8+ Kd7 65. Qc6+ Kxc6 66. a5 Rb7 67. Qa8 Kc7 68. a6 Rbb4 69. Qd5 Red4 70. Qa5+ Kb8
71. Qe5+ Ka7 72. Qe6 Rh4 73. g4 h5 74. Qe7+ Kxa6 75. Qxb4
1-0

[Event "SR1418"]
[Site "SchemingMind.com"]
[Date "2005.07.21"]
[Round "-"]
[White "mlazar"]
[Black "rodrigos"]
[Result "1-0"]
[WhiteCountry "USA"]
[BlackCountry "ENG"]
[WhiteElo "1682"]
[WhiteRD "78"]
[BlackElo "1560"]
[BlackRD "92"]
[GameID "20241"]

1. e4 e5 2. Nf3 Nf6 3. Nc3 a6 4. Nxe5 d6 5. Nf3 Nc6 6. d4 h6 7. Be2 Be7 8. Bd2 O-O 9. O-O Re8 10. Re1 Bf8
11. d5 Ne5 12. Nxe5 dxe5 13. Be3 Bb4 14. Qd3 Bxc3 15. bxc3 Nh7 16. f4 Qf6 17. f5 g6 18. fxg6 Qxg6 19. Rf1 Bh3 20. Bf3 Rf8
21. Bxh6 Qxh6 22. gxh3 Qxh3 23. Rab1 b6 24. Bg2 Qh4 25. Rf5 f6 26. d6 Rfd8 27. Qe2 Rxd6 28. Rh5 Qf4 29. Qc4+
1-0

[Event "SR1418"]
[Site "SchemingMind.com"]
[Date "2005.07.21"]
[Round "-"]
[White "dadshane2000"]
[Black "rodrigos"]
[Result "1/2-1/2"]
[WhiteCountry "USA"]
[BlackCountry "ENG"]
[WhiteElo "1846"]
[WhiteRD "75"]
[BlackElo "1578"]
[BlackRD "88"]
[GameID "20242"]

1. e4 e5 2. Nf3 Nc6 3. Bc4 a6 4. d4 exd4 5. c3 dxc3 6. Nxc3 h6 7. O-O d6 8. Bf4 Nf6 9. Qd2 Be7 10. Rad1 O-O
11. h3 Re8 12. Rfe1 Bf8 13. Nd4 Bd7 14. Nxc6 Bxc6 15. Qd3 Re7 16. Nd5 Bxd5 17. Bxd5 Nxd5 18. Qxd5 Rb8 19. e5 Qe8 20. Qd4 Rd8
21. Qc3 b6 22. exd6 cxd6 23. Rxe7 Qxe7 24. Re1 Qd7 25. Rc1 Qe6 26. b3 a5 27. Qc7 Be7 28. Qxb6 Qe4 29. Be3 Qb4 30. Qxb4 axb4
31. Rc7 Bf6 32. Rc2 Be5 33. f4 Bf6 34. g3 d5 35. Bd2 Be7 36. Kf2 d4 37. Kf3 f5 38. Rc4 g6 39. h4 Kf7 40. Rc2 Rd5
41. Rc4 Ke6 42. Ke2 d3+ 43. Kf3 Bc5 44. Rc1 Kd6 45. Rd1 Kc6 46. Be3 Bd6 47. Rd2 Be7 48. Bf2 Rd7 49. Be3 Kb5 50. Bf2 Bf6
51. Be3 Rd6 52. Bf2 Bc3 53. Rd1 h5 54. Be3 Rd8 55. Bd2 Kc5 56. Be3+ Kc6 57. Bf2=
1/2-1/2

[Event "SR1418"]
[Site "SchemingMind.com"]
[Date "2005.07.21"]
[Round "-"]
[White "annis"]
[Black "rodrigos"]
[Result "1-0"]
[WhiteCountry "USA"]
[BlackCountry "ENG"]
[WhiteElo "1807"]
[WhiteRD "84"]
[BlackElo "1578"]
[BlackRD "88"]
[GameID "20243"]

1. e4 c5 2. Nc3 g6 3. g3 Bg7 4. Bg2 Nc6 5. d3 Nf6 6. Be3 d6 7. h3 O-O 8. f4 e6 9. Nf3 h6 10. g4 Nh7
11. g5 h5 12. Qd2 Re8 13. O-O-O b6 14. f5 exf5 15. exf5 Bxf5 16. Nh4 Be6 17. Bxc6 Rc8 18. Bxe8 Qxe8 19. Rde1 d5 20. Bf4 d4
21. Ne4 Qd7 22. b3 Bxh3 23. Nf3 Bg4 24. Ne5 Qe6 25. Nxf7 Bf3 26. Nf6+ Bxf6 27. Rxe6 Bxh1 28. Nh6+ Kf8 29. Bd6+ Kg7 30. gxf6+ Nxf6
31. Nf5+ Kf7 32. Re7+
1-0

[Event "SR1418"]
[Site "SchemingMind.com"]
[Date "2005.07.21"]
[Round "-"]
[White "Zarra"]
[Black "rodrigos"]
[Result "0-1"]
[WhiteCountry "FIN"]
[BlackCountry "ENG"]
[WhiteElo "1523"]
[WhiteRD "96"]
[BlackElo "1578"]
[BlackRD "88"]
[GameID "20244"]

1. e4 e5 2. Nf3 Nf6 3. Nxe5 Qe7 4. d4 d6 5. Nf3 Qxe4+ 6. Be3 d5 7. Nc3 Bb4 8. Bd3 Bxc3+ 9. bxc3 Qe7 10. O-O h6
11. Re1 O-O 12. Qd2 Qd6 13. Bxh6 gxh6 14. Qxh6 Ne4 15. Qh5 c6 16. Ng5 Qg6 17. Qxg6+ fxg6 18. Nxe4 dxe4 19. Rxe4 Bf5 20. Rf4 Nd7
21. Bxf5 gxf5 22. Re1 Nb6 23. Re5 Nd5 24. Rfxf5 Rxf5 25. Rxf5 Nxc3 26. Ra5 Ne2+ 27. Kf1 Nxd4 28. c3 b6 29. Ra4 Nb5 30. c4 Nc3
31. Ra3 Ne4 32. Ke2 a5 33. Re3 Nd6 34. Kd3 Rd8 35. Kc3 c5 36. h4 Rf8 37. Rg3+ Kh7 38. Rf3 Rg8 39. Rf6 Ne4+
0-1

[Event "SR1418"]
[Site "SchemingMind.com"]
[Date "2005.07.21"]
[Round "-"]
[White "flamingarrow"]
[Black "rodrigos"]
[Result "1-0"]
[WhiteCountry "GBR"]
[BlackCountry "ENG"]
[WhiteElo "1694"]
[WhiteRD "83"]
[BlackElo "1560"]
[BlackRD "92"]
[GameID "20245"]

1. e4 e5 2. Nf3 Nc6 3. Bc4 a6 4. c3 Nf6 5. d3 h6 6. O-O Be7 7. Re1 O-O 8. Bb3 Bc5 9. d4 exd4 10. cxd4 Bb6
11. e5 Nh7 12. Bc2 d6 13. Qd3 g6 14. Bxh6 Re8 15. a3 Bf5 16. Qd1 Bxc2 17. Qxc2 Nxd4 18. Nxd4 Bxd4 19. Nd2 Bxe5 20. Nf3 c6
21. Nxe5 dxe5 22. Rad1 Qf6 23. Be3 Qe7 24. Qc3 Qc7 25. Bh6 Re6 26. f4 Rae8 27. fxe5 g5 28. Rd6 Rxd6 29. exd6 Rxe1+ 30. Qxe1 Qxd6
31. Qe8+ Nf8 32. Bxf8 Qxf8 33. Qe3 Qd8 34. h3 b6 35. Qe2 b5 36. Kf1 Qd5 37. Qe8+ Kg7 38. Qe2 Qc4 39. Qxc4 bxc4 40. Ke2 Kf6
41. Ke3 Ke5 42. g3 f6 43. Kf3 Kd4 44. Ke2 c3 45. bxc3+ Kxc3 46. h4 gxh4 47. gxh4 c5 48. h5 Kb2 49. h6 c4 50. h7 c3
51. h8=Q c2 52. Qb8+ Kxa3 53. Kd2
1-0

[Event "SR1418"]
[Site "SchemingMind.com"]
[Date "2005.07.21"]
[Round "-"]
[White "Kid A"]
[Black "cnbcad"]
[Result "1-0"]
[WhiteCountry "FIN"]
[BlackCountry "USA"]
[WhiteElo "1709"]
[WhiteRD "65"]
[BlackElo "1476"]
[BlackRD "55"]
[GameID "20281"]

1. e4 e5 2. Nf3 Nc6 3. Bb5 d5 4. Nxe5 Ne7 5. O-O g6 6. d4 Bg7 7. Nc3 O-O 8. Bxc6 bxc6 9. f4 dxe4 10. Nxe4 Qd5
11. Nc3 Bb7 12. Nxd5 Nxd5 13. f5 c5 14. fxg6 hxg6 15. c3 Bxe5 16. dxe5 Rad8 17. Qb3 Ba6 18. c4 Nb4 19. Bh6 Rfe8 20. Qf3 Rd7
21. Qf6
1-0

[Event "SR1418"]
[Site "SchemingMind.com"]
[Date "2005.07.21"]
[Round "-"]
[White "Kid A"]
[Black "mlazar"]
[Result "1-0"]
[WhiteCountry "FIN"]
[BlackCountry "USA"]
[WhiteElo "1725"]
[WhiteRD "65"]
[BlackElo "1682"]
[BlackRD "78"]
[GameID "20282"]

1. e4 Nf6 2. e5 Nd5 3. d4 d6 4. c4 Nb6 5. exd6 cxd6 6. Nf3 Bg4 7. Be3 e5 8. dxe5 Qc7 9. Nbd2 dxe5 10. Rc1 Nc6
11. Be2 Be7 12. O-O O-O-O 13. Qc2 Kb8 14. a3 f5 15. h3 Bxf3 16. Nxf3 e4 17. Ng5 Bxg5 18. Bxg5 Nd4 19. Bxd8 Rxd8 20. Qd1 f4
21. Kh1 f3 22. Bxf3 exf3 23. gxf3 Qd7 24. Kg2 Qf5 25. Rc3 Ne6 26. Qc2 Qxc2 27. Rxc2 Nf4+ 28. Kg3 Rd4 29. b3 g5 30. Re1 h6
31. Re8+ Kc7 32. Rh8 h5 33. Rg8 Ne6 34. Re2 Kd6 35. Rg6 h4+ 36. Kg2 Rd3 37. Rexe6+ Kd7 38. Re3
1-0

[Event "SR1418"]
[Site "SchemingMind.com"]
[Date "2005.07.21"]
[Round "-"]
[White "Kid A"]
[Black "dadshane2000"]
[Result "1/2-1/2"]
[WhiteCountry "FIN"]
[BlackCountry "USA"]
[WhiteElo "1788"]
[WhiteRD "68"]
[BlackElo "1823"]
[BlackRD "73"]
[GameID "20283"]

1. e4 e5 2. Nf3 Nc6 3. Bb5 a6 4. Ba4 Nf6 5. O-O Nxe4 6. d4 b5 7. Bb3 d5 8. dxe5 Be6 9. c3 Be7 10. Nbd2 Nc5
11. Bc2 Bg4 12. Re1 Ne6 13. Nf1 Bg5 14. Ne3 Bxe3 15. Rxe3 O-O 16. h3 Bh5 17. a4 b4 18. Bd2 bxc3 19. Rxc3 Nxe5 20. g4 Nxf3+
21. Qxf3 Bg6 22. Bf5 Nd4 23. Qd3 Bxf5 24. Qxd4 Be6 25. Bf4 c5 26. Qxc5 Rc8 27. Qd4 Rxc3 28. Qxc3 Qd7 29. Qd4 Rc8 30. Re1 Rc4
31. Qe5 h6 32. b3 Rc2 33. Qd4 Qe7 34. Qd3 Qc5 35. Be3 Qc8 36. Bd4 Rc1=
1/2-1/2

[Event "SR1418"]
[Site "SchemingMind.com"]
[Date "2005.07.21"]
[Round "-"]
[White "Kid A"]
[Black "annis"]
[Result "1-0"]
[WhiteCountry "FIN"]
[BlackCountry "USA"]
[WhiteElo "1853"]
[WhiteRD "70"]
[BlackElo "1764"]
[BlackRD "76"]
[GameID "20284"]

1. d4 Nf6 2. c4 g6 3. Nc3 Bg7 4. Nf3 O-O 5. e4 d6 6. Be2 e5 7. d5 a5 8. a4 Na6 9. O-O Nc5 10. Qc2 Ne8
11. Be3 f5 12. Bxc5 dxc5 13. Rad1 f4 14. Nb5 Nd6 15. b3 Ne8 16. Rd2 Rf6 17. Rfd1 Bf8 18. Nxe5 Kh8 19. Ng4 Rf7 20. e5 Bf5
21. Qc3 Ra6 22. e6+ Rg7 23. Ne5 Kg8 24. Bd3 Qg5 25. Nf7 Rxf7 26. exf7+ Kxf7 27. Bxf5 Qxf5 28. Re1 Bg7 29. Qf3 c6 30. d6 Ra8
31. d7 Qf6 32. dxe8=Q+ Rxe8 33. Rxe8 Kxe8 34. Nd6+ Kf8 35. Nxb7 Qe7 36. Rd8+ Kf7 37. Nd6+ Ke6 38. Re8 Kxd6 39. Rxe7 Kxe7 40. Qxc6 Bd4
41. Qb5 g5 42. Qxa5 g4 43. Qc7+ Ke6 44. Qxf4 h5 45. a5 Kd7 46. a6
1-0

[Event "SR1418"]
[Site "SchemingMind.com"]
[Date "2005.07.21"]
[Round "-"]
[White "Kid A"]
[Black "Zarra"]
[Result "1-0"]
[WhiteCountry "FIN"]
[BlackCountry "FIN"]
[WhiteElo "1735"]
[WhiteRD "66"]
[BlackElo "1523"]
[BlackRD "96"]
[GameID "20285"]

1. e4 e5 2. Nf3 Nc6 3. Bb5 a6 4. Ba4 Nf6 5. O-O Nxe4 6. d4 b5 7. Bb3 d5 8. dxe5 Be6 9. c3 Bc5 10. Nbd2 O-O
11. Bc2 Nxf2 12. Rxf2 f6 13. exf6 Bxf2+ 14. Kxf2 Qxf6 15. Kg1 Rae8 16. Nf1 Ne5 17. Be3 Bg4 18. Qxd5+ Kh8 19. Nxe5 Rxe5 20. Qd4 Rfe8
21. Qxg4
1-0

[Event "SR1418"]
[Site "SchemingMind.com"]
[Date "2005.07.21"]
[Round "-"]
[White "Kid A"]
[Black "flamingarrow"]
[Result "1/2-1/2"]
[WhiteCountry "FIN"]
[BlackCountry "GBR"]
[WhiteElo "1725"]
[WhiteRD "65"]
[BlackElo "1694"]
[BlackRD "83"]
[GameID "20286"]

1. d4 Nf6 2. c4 e6 3. Nc3 Bb4 4. Qc2 Bxc3+ 5. Qxc3 b6 6. Bg5 Bb7 7. f3 d5 8. e3 O-O 9. Bd3 h6 10. Bh4 Nbd7
11. Ne2 Qe8 12. Bxf6 Nxf6 13. O-O Rc8 14. Rac1 c5 15. Qd2 cxd4 16. exd4 dxc4 17. Bxc4 Qd7 18. Rfd1 Rfd8 19. Bd3 a6 20. Rxc8 Qxc8
21. Nc3 b5 22. Ne4 Bxe4 23. Bxe4 Nxe4 24. fxe4 Qb7 25. Qf4 Qb6 26. e5 Rc8 27. Qf2= Rd8 28. a3 a5 29. Qd2=
1/2-1/2

[Event "SR1418"]
[Site "SchemingMind.com"]
[Date "2005.07.21"]
[Round "-"]
[White "Kid A"]
[Black "rodrigos"]
[Result "0-1"]
[WhiteCountry "FIN"]
[BlackCountry "ENG"]
[WhiteElo "1725"]
[WhiteRD "65"]
[BlackElo "1560"]
[BlackRD "92"]
[GameID "20287"]

1. e4 e5 2. f4 exf4 3. Nf3 g5 4. Bc4 g4 5. O-O gxf3 6. Qxf3 Bh6 7. d4 d6 8. c3 a6 9. e5 dxe5 10. dxe5 Be6
11. Bxe6 fxe6 12. Qh5+ Ke7 13. Qh4+ Ke8 14. Qh5+ Ke7 15. Bxf4 Bxf4 16. Rxf4 Qe8 17. Qf3 Nc6 18. Nd2 Rd8 19. Qe3 Kd7 20. b4 Kc8
21. a4 b6 22. Nc4 Nge7 23. b5 Nd5 24. Qf3 Nxf4 25. Nxb6+ cxb6 26. bxc6 Nd5 27. c4 Nc7 28. Rb1 Na8 29. a5 Qe7 30. axb6 Qc5+
31. Kh1 Nxb6
0-1

[Event "SR1418"]
[Site "SchemingMind.com"]
[Date "2005.07.21"]
[Round "-"]
[White "cnbcad"]
[Black "Kid A"]
[Result "0-1"]
[WhiteCountry "USA"]
[BlackCountry "FIN"]
[WhiteElo "1425"]
[WhiteRD "52"]
[BlackElo "1725"]
[BlackRD "65"]
[GameID "20288"]

1. e4 e5 2. Nf3 Nc6 3. Bc4 Nf6 4. Ng5 d5 5. exd5 Na5 6. Bb5+ c6 7. dxc6 bxc6 8. Ba4 h6 9. Ne4 Nxe4 10. O-O Bc5
11. b4 Bxb4 12. d3 Nf6 13. a3 Bc5 14. Bd2 O-O 15. Bxa5 Qxa5 16. Bxc6 Rb8 17. Nd2 Be6 18. Nb3 Bxb3 19. cxb3 Qb6 20. Be4 Nxe4
21. dxe4 Qxb3 22. Qe2 Bxa3 23. Qh5 a5 24. Rae1 Bb2 25. Re3 Qb4 26. Rg3 Rb6 27. Qd1 a4 28. Qg4 Rg6 29. Qf5 Rxg3 30. hxg3 a3
0-1

[Event "SR1418"]
[Site "SchemingMind.com"]
[Date "2005.07.22"]
[Round "-"]
[White "mlazar"]
[Black "Kid A"]
[Result "1-0"]
[WhiteCountry "USA"]
[BlackCountry "FIN"]
[WhiteElo "1682"]
[WhiteRD "78"]
[BlackElo "1725"]
[BlackRD "65"]
[GameID "20289"]

1. Nf3 d5 2. d4 Nf6 3. Nbd2 g6 4. e3 Bg7 5. c4 c6 6. Be2 O-O 7. O-O e6 8. b3 Nbd7 9. Qc2 b6 10. cxd5 cxd5
11. Ba3 Re8 12. Qc6 Rb8 13. Bd6 Bb7 14. Qa4 Ra8 15. Rac1 Bf8 16. Bxf8 Rxf8 17. Rc2 e5 18. Nxe5 Nxe5 19. dxe5 Nd7 20. Nf3 Qe7
21. Rc7 Bc8 22. Bb5 Rd8 23. Rfc1 a6 24. Bc6 Rb8 25. Bxd5 b5 26. Qf4 Rf8 27. Qh6 Kh8 28. Ng5 f6 29. exf6 Rxf6 30. Rxc8+
1-0

[Event "SR1418"]
[Site "SchemingMind.com"]
[Date "2005.07.22"]
[Round "-"]
[White "dadshane2000"]
[Black "Kid A"]
[Result "1-0"]
[WhiteCountry "USA"]
[BlackCountry "FIN"]
[WhiteElo "1846"]
[WhiteRD "75"]
[BlackElo "1735"]
[BlackRD "66"]
[GameID "20290"]

1. e4 d5 2. exd5 Qxd5 3. Nc3 Qa5 4. d4 Nf6 5. Nf3 Bg4 6. h3 Bxf3 7. Qxf3 c6 8. Bd2 Nbd7 9. O-O-O e6 10. g4 Qc7
11. g5 Nd5 12. Nxd5 cxd5 13. h4 O-O-O 14. Qxf7 e5 15. Qxd5 exd4 16. Qxd4 Bc5 17. Qxg7 Bxf2 18. Qc3 Bc5 19. b4 Bd6 20. Qxc7+ Bxc7
21. Bh3 Kb8 22. Bc3 Ne5 23. Rxd8+ Rxd8 24. Be6 Nf3 25. Bf6 Bf4+ 26. Kb2 Rd2 27. Bf5 Ne5 28. Bxh7 Nc4+ 29. Kb3 Nb6 30. g6 Nd7
31. Bc3
1-0

[Event "SR1418"]
[Site "SchemingMind.com"]
[Date "2005.07.21"]
[Round "-"]
[White "annis"]
[Black "Kid A"]
[Result "1-0"]
[WhiteCountry "USA"]
[BlackCountry "FIN"]
[WhiteElo "1807"]
[WhiteRD "84"]
[BlackElo "1735"]
[BlackRD "66"]
[GameID "20291"]

1. e4 c5 2. Nc3 Nc6 3. g3 d6 4. Bg2 e5 5. d3 Nf6 6. h3 Be6 7. f4 g6 8. Nd5 Bg7 9. Ne2 O-O 10. g4 Nxd5
11. exd5 Qh4+ 12. Kf1 exf4 13. dxc6 f3 14. Bxf3 f5 15. Nf4 fxg4 16. hxg4 Qg3 17. Rg1 Qh2 18. cxb7 Rab8 19. Nxe6 Qh3+ 20. Kf2 Bf6
21. Bg5 Bd4+ 22. Nxd4 cxd4 23. Be7
1-0

[Event "SR1418"]
[Site "SchemingMind.com"]
[Date "2005.07.22"]
[Round "-"]
[White "Zarra"]
[Black "Kid A"]
[Result "0-1"]
[WhiteCountry "FIN"]
[BlackCountry "FIN"]
[WhiteElo "1523"]
[WhiteRD "96"]
[BlackElo "1735"]
[BlackRD "66"]
[GameID "20292"]

1. e4 c5 2. Nf3 d6 3. d4 cxd4 4. Nxd4 Nf6 5. Nc3 a6 6. Be3 e5 7. Nb3 Be6 8. f3 Be7 9. Qd2 Nbd7 10. O-O-O Rc8
11. g4 b5 12. h4 Nb6 13. Bxb6 Qxb6 14. h5 a5 15. Nxb5 a4 16. Na5 Bxa2 17. Qb4 Qe3+ 18. Rd2 Qe1+
0-1

[Event "SR1418"]
[Site "SchemingMind.com"]
[Date "2005.07.22"]
[Round "-"]
[White "flamingarrow"]
[Black "Kid A"]
[Result "0-1"]
[WhiteCountry "GBR"]
[BlackCountry "FIN"]
[WhiteElo "1633"]
[WhiteRD "78"]
[BlackElo "1735"]
[BlackRD "66"]
[GameID "20293"]

1. e4 e5 2. Nf3 Nc6 3. Bc4 Nf6 4. d3 Bc5 5. h3 O-O 6. O-O a5 7. c3 d6 8. Re1 Be6 9. Bb5 Bd7 10. Ba4 h6
11. Bc2 b5 12. d4 exd4 13. cxd4 Bb6 14. a3 Re8 15. Qd3 d5 16. e5 Ne4 17. Nc3 Bf5 18. Qd1 Nxc3 19. bxc3 Ne7 20. Bf4 Bxc2
21. Qxc2 Rc8 22. Nh2 Qd7 23. Ng4 Qf5 24. Qd2 Kh7 25. Rab1 c6 26. Bg3 Ng6 27. Ne3 Qd7 28. Kh1 Ne7 29. f4 a4 30. Rf1 Nf5
31. Nxf5 Qxf5 32. Rfe1 Re6 33. Bh2 h5 34. Rf1 Bd8 35. Qe2 Rg6 36. Rg1 h4 37. Qf3 Be7 38. Rbf1 Bxa3 39. g4 hxg3 40. Rxg3 Rxg3
41. Qxg3 Qe4+ 42. Qg2 Qxg2+ 43. Kxg2 Bb2 44. Bg1 Bxc3 45. f5 a3
0-1

[Event "SR1418"]
[Site "SchemingMind.com"]
[Date "2005.07.22"]
[Round "-"]
[White "rodrigos"]
[Black "Kid A"]
[Result "0-1"]
[WhiteCountry "ENG"]
[BlackCountry "FIN"]
[WhiteElo "1560"]
[WhiteRD "92"]
[BlackElo "1725"]
[BlackRD "65"]
[GameID "20294"]

1. d4 Nf6 2. c4 g6 3. e3 Bg7 4. Nc3 d5 5. h3 O-O 6. Nf3 e6 7. cxd5 Nxd5 8. Be2 c5 9. O-O Nd7 10. Re1 Re8
11. Bc4 cxd4 12. exd4 N7f6 13. a3 b6 14. Re2 Bb7 15. Re1 Rc8 16. Ne5 Nxc3 17. bxc3 Ne4 18. Bb5 Nxc3 19. Qd3 Qd5 20. f3 Nxb5
21. Re4 Bxe5 22. Rxe5 Qxd4+ 23. Qxd4 Nxd4 24. Bh6 Bxf3 25. Rf1 Bb7 26. Re3 Rc2 27. Rf2 Rxf2 28. Kxf2 Nf5 29. Bg5 Nxe3 30. Bxe3 Rc8
31. g4 Rc3 32. a4 Bc6
0-1

[Event "SR1418"]
[Site "SchemingMind.com"]
[Date "2005.07.23"]
[Round "-"]
[White "lumilinna"]
[Black "Kid A"]
[Result "0-1"]
[WhiteCountry "FIN"]
[BlackCountry "FIN"]
[WhiteElo "1719"]
[WhiteRD "65"]
[BlackElo "1788"]
[BlackRD "68"]
[GameID "20407"]

1. d4 d5 2. c4 c6 3. Nf3 Nf6 4. Nc3 a6 5. c5 Bg4 6. Ne5 Bf5 7. f3 Nbd7 8. g4 Be6 9. Bf4 g6 10. Nxd7 Nxd7
11. e3 Bg7 12. Bd3 b5 13. cxb6 Nxb6 14. h4 h5 15. g5 Qd7 16. Qb3 Nc4 17. Bxc4 dxc4 18. Qb4 Bd5 19. e4 Be6 20. O-O-O O-O
21. Na4 Qa7 22. Nc5 a5 23. Qa4 Qb6 24. Nxe6 fxe6 25. Qxc4 Rxf4 26. Qxe6+ Kh7 27. Qxe7 Rxf3 28. Rhf1 Rb8 29. b3 Rxf1
0-1